| 000 | 01698cam a22004694i 4500 | ||
|---|---|---|---|
| 003 | PE-LiUPU | ||
| 005 | 20250731173058.0 | ||
| 008 | 150623s1990 mnu rb 000 0 eng d | ||
| 020 | _a0800631056 | ||
| 035 | _a(Sirsi) i9780800631055 | ||
| 040 |
_aPE-LiUPU _bspa _cPE-LiUPU _erda |
||
| 049 | _aPRUA | ||
| 082 | 0 | 4 |
_a291.4470901 _bA11 _221 |
| 245 | 0 | 0 |
_aAscetic behavior in Greco-Roman antiquity a sourcebook / _ceditado por Vincent L. Wimbush. |
| 264 | 1 |
_aMinneapolis, MN : _bFortress Press, _c1990. |
|
| 300 |
_a514 páginas ; _c24 centímetros. |
||
| 336 |
_atext _2rdacontent |
||
| 337 |
_aunmediated _2rdamedia |
||
| 338 |
_avolume _2rdacarrier |
||
| 490 | 0 | _aStudies in Antiquity and Christianity | |
| 504 | _aIncluye bibliografía. | ||
| 505 | 0 | _aHomily -- Philosophical and theological exhortation -- Ritual and revelation -- Life and teachings -- Documentary evidence. | |
| 526 | _aSEG42 | ||
| 526 | _aSEG41 | ||
| 526 | _aSEG40 | ||
| 526 | _aSEG39 | ||
| 526 | _aP94 | ||
| 526 | _aP87 | ||
| 526 | _aP86 | ||
| 526 | _aP85 | ||
| 526 | _aP77 | ||
| 526 | _aP76 | ||
| 526 | _aP35 | ||
| 650 | 0 | 4 |
_aAscetismo _xHistoria _yIglesia primitiva, ca20-600 _vFuentes. |
| 700 | 1 |
_aWimbush, Vincent L., _eeditor. |
|
| 942 |
_2ddc _cBOOK |
||
| 949 |
_a291.447 090 1 A11 _wDEWEY _c1 _i48685 _lCCODEBUL1 _mBUL _r0 _sY _tBOOK _u2015-6-24 _xTEOLOGIA _PP35 _0COMPRA _o.STAFF. Colección General |
||
| 994 |
_aC0 _bPEPRU |
||
| 596 | _a1 | ||
| 999 |
_a291.4470901 A11 _wDEWEY _c27859 _i48685 _f2021-11-11 _g5 _lCCODEBUL1 _mBUL _p28.00 _r0 _sY _tBOOK _u2015-6-24 _xTEOLOGIA _PP35 _0COMPRA _o.STAFF. Colección Teología _d27859 |
||
| 980 |
_81 _gALBERTO SANCHEZ Responsable de Automatización |
||